| 000 | 00449nam a2200169 4500 | ||
|---|---|---|---|
| 003 | OSt | ||
| 008 | 241005b |||||||| |||| 00| 0 eng d | ||
| 020 | _a9788119131099 | ||
| 041 | _aeng | ||
| 082 |
_a420 _bMUK/AR |
||
| 100 |
_aMukkolakkal, Bitter C _96290 |
||
| 245 |
_aThe Art of English writing : _bcreative writing- part 2 / |
||
| 250 | _a1st ed. | ||
| 260 |
_aThiruvananthapuram : _bChintha Publishers, _c2024. |
||
| 300 | _a352p. | ||
| 942 | _cBK | ||
| 999 |
_c18132 _d18132 |
||